000 00528nam a2200181Ia 4500
999 _c20105
_d20105
082 _a301.5680954 MAL-;
100 _aMalik, Suneila
245 0 _aSocial integration of scheduled castes
260 _aNew Delhi
_bAbhinav Publications
_c1979
300 _a190p.
650 _aSocial status - India
650 _aScheduled castes (India)
650 _aSociology - Research
650 _aUntouchables - Political activity - India
650 _aSocial classes - India
650 _aSocial integration - India
942 _cBK